| 000 | 005400000a22001930004500 | ||
|---|---|---|---|
| 003 | LK-CoMWRAF | ||
| 005 | 20231027135957.0 | ||
| 008 | 230817t1985 ||||| |||| 00| 0 eng d | ||
| 040 |
_aLK-CoMWRAF _dLK-CoMWRAF _eLK-CoMWRAF |
||
| 041 | _aeng | ||
| 082 |
_a305.42 _bSUB |
||
| 100 | _aSubbamma, Malladi | ||
| 245 | _aWomen, Tradition and Culture | ||
| 260 |
_aNew Delhi: _bSterling Publishers, _c1985 |
||
| 300 | _axv, 132 p. ; 22 cm. | ||
| 650 | _aWOMEN-India-Social conditions | ||
| 650 | _aWomen-India-Economic conditions | ||
| 942 | _cBK | ||
| 999 |
_c1967 _d1967 |
||